[Event "Provincial-ch Xixona Preferente"]
[Site "Xixona"]
[Date "2014.10.18"]
[Round "3.4"]
[White "Ochando Casasempere, Miguel A"]
[Black "Camarasa Ramos, Jose Vicente"]
[Result "1-0"]
[WhiteElo "1688"]
[BlackElo "1547"]
[PlyCount "85"]
[EventDate "2014.09.27"]
[EventType "swiss"]
[EventRounds "7"]
[EventCountry "ESP"]
[SourceTitle "EXT 2024"]
[Source "ChessBase"]
[SourceDate "2023.10.10"]
[SourceVersion "1"]
[SourceVersionDate "2023.10.10"]
[SourceQuality "1"]

1. b3 e5 2. Bb2 Nc6 3. e3 d5 4. Bb5 Bd7 5. Bxc6 Bxc6 6. Bxe5 f6 7. Bb2 Nh6 8. Nf3 Bd6 9. Nd4 Bd7 10. Qh5+ Nf7 11. Qxd5 c6 12. Qh5 g6 13. Qe2 Ne5 14. h3 a6 15. f4 Nf7 16. 0-0 c5 17. Nf3 Qe7 18. Nc3 Bc6 19. Qf2 0-0-0 20. Ne2 Rhg8 21. d3 g5 22. e4 gxf4 23. Qh4 Ng5 24. Kh1 Nxf3 25. gxf3 Qd7 26. Rg1 Rg6 27. Rxg6 hxg6 28. Bxf6 Rf8 29. Bb2 Be7 30. Qg4 g5 31. Kg2 Rg8 32. Rd1 Qxg4+ 33. hxg4 Rg6 34. Rh1 Kd7 35. Rh7 a5 36. d4 Ke6 37. d5+ Bxd5 38. exd5+ Kd6 39. c4 Bd8 40. Nc3 Be7 41. Ne4+ Kd7 42. d6 Re6 43. Rxe7+ 1-0

[Event "Provincial-ch Xixona Preferente"]
[Site "Xixona"]
[Date "2013.11.09"]
[Round "5"]
[White "Camarasa Ramos, Jose Vicente"]
[Black "Ramos Verdu, Juan Manuel"]
[Result "1/2-1/2"]
[WhiteElo "1545"]
[BlackElo "1635"]
[PlyCount "52"]
[EventDate "2013.10.05"]
[EventType "swiss"]
[EventRounds "7"]
[EventCountry "ESP"]
[SourceTitle "EXT 2024"]
[Source "ChessBase"]
[SourceDate "2023.10.10"]
[SourceVersion "1"]
[SourceVersionDate "2023.10.10"]
[SourceQuality "1"]

1. e4 b6 2. Nc3 Bb7 3. Nf3 d6 4. d4 Nf6 5. Bd3 g6 6. Bg5 Bg7 7. Qd2 Nbd7 8. Bh6 0-0 9. Bxg7 Kxg7 10. 0-0-0 c5 11. d5 a6 12. h4 h5 13. Ng5 b5 14. f3 Qa5 15. a3 b4 16. Nb1 Qb6 17. g4 a5 18. gxh5 Nxh5 19. Rdg1 Ba6 20. Ne6+ fxe6 21. Rxg6+ Kf7 22. dxe6+ Ke8 23. exd7+ Kxd7 24. Bxa6 Qxa6 25. Qd5 Nf4 26. Qg5 Ne6 1/2-1/2